000 00340nam a2200145Ia 4500
008 150201s2008 xx 000 0 und d
082 _a617.71
_bO08S
100 _aSHARMA,PRADEEP
245 _aESSENTIALS OF OPHTHALMOLOGY
250 _a1ST
260 _bCBS
_aDELHI
_c2008
300 _a1-399
650 _aOPHTHALMOLOGY
942 _2ddc
_cBK
_04
999 _c349
_d349